[Event "Mittelfrank Regionalliga Nord-Ost 2122"]
[Site "Mittelfranken"]
[Date "2022.03.13"]
[Round "6.1"]
[White "Heidrich, Manfred"]
[Black "Seeger, Peter"]
[Result "1/2-1/2"]
[WhiteElo "2212"]
[BlackElo "2064"]
[PlyCount "44"]
[EventDate "2021.10.24"]
[EventType "team-tourn"]
[EventRounds "9"]
[EventCountry "GER"]
[SourceTitle "EXT 2024"]
[Source "ChessBase"]
[SourceDate "2023.10.10"]
[SourceVersion "1"]
[SourceVersionDate "2023.10.10"]
[SourceQuality "1"]
[WhiteTeam "Forchheim SC"]
[BlackTeam "Nuernberg Noris Tarrasch III"]
[WhiteTeamCountry "GER"]
[BlackTeamCountry "GER"]

1. e4 d5 2. exd5 Qxd5 3. Nc3 Qd6 4. g3 Nf6 5. Bg2 a6 6. d3 Nc6 7. Nge2 h5 8. h3 e5 9. Bg5 Be6 10. Qd2 Nd5 11. 0-0-0 f6 12. Bxd5 Bxd5 13. Nxd5 Qxd5 14. Nc3 Qa5 15. Be3 Bc5 16. Bxc5 Qxc5 17. Ne4 Qd5 18. Kb1 0-0-0 19. f4 Rhe8 20. Rhf1 exf4 21. Qxf4 Re5 22. Nc3 Qd4 1/2-1/2

[Event "Regionalliga Nord-Ost 1819"]
[Site "Bayern"]
[Date "2019.03.24"]
[Round "8.1"]
[White "Seeger, Peter"]
[Black "Medunova, Vera"]
[Result "1-0"]
[WhiteElo "2082"]
[BlackElo "2039"]
[PlyCount "95"]
[EventDate "2018.10.21"]
[EventType "team-tourn"]
[EventRounds "9"]
[EventCountry "GER"]
[SourceTitle "EXT 2022"]
[Source "ChessBase"]
[SourceDate "2021.10.06"]
[SourceVersion "1"]
[SourceVersionDate "2021.10.06"]
[SourceQuality "1"]
[WhiteTeam "Nuernberg NT III"]
[BlackTeam "Rothenburg"]
[WhiteTeamCountry "GER"]
[BlackTeamCountry "GER"]

1. d4 Nf6 2. Nf3 c5 3. c4 cxd4 4. Nxd4 e5 5. Nc2 d5 6. cxd5 Qxd5 7. Qxd5 Nxd5 8. g3 Nc6 9. Bg2 Be6 10. 0-0 Bc5 11. Nc3 Nxc3 12. bxc3 0-0 13. Be3 Bxe3 14. Nxe3 Rfd8 15. Rab1 Rab8 16. Rb5 f6 17. Rfb1 Rbc8 18. Rxb7 Bxa2 19. Ra1 Bf7 20. Bxc6 Rxc6 21. Raxa7 Rf8 22. c4 h5 23. f3 g6 24. g4 hxg4 25. fxg4 Kg7 26. Kf2 Rcc8 27. h4 Rb8 28. Re7 Rbe8 29. Rec7 Rc8 30. Rd7 Rcd8 31. Re7 Rde8 32. Rec7 Rc8 33. Kf3 Rxc7 34. Rxc7 Rd8 35. h5 Rh8 36. hxg6 Kxg6 37. c5 Be6 38. Re7 Bc8 39. c6 Rd8 40. c7 Rg8 41. Ke4 Bxg4 42. Nxg4 f5+ 43. Kxe5 fxg4 44. Re6+ Kg5 45. Rc6 Rc8 46. Kd6 g3 47. Kd7 g2 48. Rc1 1-0

[Event "Mittelfranken-chTB1 1718"]
[Site "Mittelfranken"]
[Date "2018.04.08"]
[Round "7.3"]
[White "Seeger, Peter"]
[Black "Fiedler, Lars"]
[Result "1-0"]
[WhiteElo "2012"]
[BlackElo "1994"]
[PlyCount "61"]
[EventDate "2017.10.08"]
[EventType "team-tourn"]
[EventRounds "9"]
[EventCountry "GER"]
[SourceTitle "EXT 2022"]
[Source "ChessBase"]
[SourceDate "2021.10.06"]
[SourceVersion "1"]
[SourceVersionDate "2021.10.06"]
[SourceQuality "1"]
[WhiteTeam "Nuernberg Noris Tarrasch III"]
[BlackTeam "Lauf SV"]
[WhiteTeamCountry "GER"]
[BlackTeamCountry "GER"]

1. d4 Nf6 2. c4 e6 3. g3 c5 4. d5 exd5 5. cxd5 b5 6. Bg2 d6 7. a4 b4 8. Nd2 Be7 9. Nc4 Nbd7 10. Nf3 Bb7 11. Nh4 Nb6 12. Nxb6 axb6 13. Nf5 0-0 14. 0-0 Re8 15. Bg5 h6 16. Bf4 Bf8 17. Re1 Kh7 18. Bc1 g6 19. Ne3 Bg7 20. Qc2 b5 21. Bd2 Qb6 22. axb5 Qxb5 23. Nc4 b3 24. Qd3 Ba6 25. Nxd6 Qxd3 26. exd3 Rxe1+ 27. Bxe1 Bb7 28. Rxa8 Bxa8 29. Bc3 Nxd5 30. Bxg7 Kxg7 31. Ne4 1-0

[Event "Mittelfranken-chTB1 1718"]
[Site "Mittelfranken"]
[Date "2017.10.29"]
[Round "2.4"]
[White "Diller, Peter"]
[Black "Seeger, Peter"]
[Result "0-1"]
[WhiteElo "1947"]
[BlackElo "2012"]
[PlyCount "100"]
[EventDate "2017.10.08"]
[EventType "team-tourn"]
[EventRounds "9"]
[EventCountry "GER"]
[SourceTitle "EXT 2022"]
[Source "ChessBase"]
[SourceDate "2021.10.06"]
[SourceVersion "1"]
[SourceVersionDate "2021.10.06"]
[SourceQuality "1"]
[WhiteTeam "Rothenburg"]
[BlackTeam "Nuernberg Noris Tarrasch III"]
[WhiteTeamCountry "GER"]
[BlackTeamCountry "GER"]

1. e4 c5 2. f4 d5 3. e5 Qb6 4. Nf3 Nc6 5. Nc3 d4 6. Ne4 Bf5 7. Ng3 Be6 8. Be2 Nh6 9. d3 f6 10. 0-0 g6 11. b3 Bg7 12. Ne4 0-0 13. Ba3 Nb4 14. Qd2 a5 15. Kh1 Nf7 16. exf6 exf6 17. Bb2 Nd5 18. h3 f5 19. Neg5 Nxg5 20. Nxg5 Bd7 21. Rae1 Qd6 22. h4 Bf6 23. g3 Ne3 24. Rf2 Rfe8 25. c3 Bc6+ 26. Bf3 Ng4 27. Rff1 Rxe1 28. Qxe1 Re8 29. Qd2 Re3 30. Kg2 dxc3 31. Qc2 Rxd3 32. Bc1 Bxg5 33. hxg5 Bxf3+ 34. Rxf3 Qd5 35. Qe2 Qxf3+ 36. Qxf3 Rxf3 37. Kxf3 b5 38. Ke2 Kf7 39. Kd3 Ke6 40. Kxc3 Kd5 41. Kd3 Nf2+ 42. Ke3 Ne4 43. Kf3 Kd4 44. Bb2+ Kd3 45. g4 c4 46. gxf5 gxf5 47. Kg2 c3 48. Bc1 b4 49. Kh3 Nd2 50. Kh4 Ke3 0-1

[Event "Mittelfranken-chTB1 1617"]
[Site "Mittelfranken"]
[Date "2017.03.26"]
[Round "8.1"]
[White "Seeger, Peter"]
[Black "Weber, Daniel"]
[Result "1-0"]
[WhiteElo "2012"]
[BlackElo "2061"]
[PlyCount "95"]
[EventDate "2016.10.23"]
[EventType "team-tourn"]
[EventRounds "9"]
[EventCountry "GER"]
[SourceTitle "EXT 2022"]
[Source "ChessBase"]
[SourceDate "2021.10.06"]
[SourceVersion "1"]
[SourceVersionDate "2021.10.06"]
[SourceQuality "1"]
[WhiteTeam "Nuernberg Noris Tarrasch III"]
[BlackTeam "Bechhofen"]
[WhiteTeamCountry "GER"]
[BlackTeamCountry "GER"]

1. d4 Nf6 2. Nf3 b6 3. g3 Bb7 4. Bg2 e6 5. 0-0 Be7 6. c4 0-0 7. b3 c5 8. Bb2 cxd4 9. Qxd4 Nc6 10. Qf4 d5 11. Rd1 Qc8 12. Nbd2 Rd8 13. Rac1 Qb8 14. Ne5 Nxe5 15. Bxe5 Bd6 16. Bxd6 Qxd6 17. Qxd6 Rxd6 18. Ne4 Nxe4 19. Bxe4 Rad8 20. cxd5 Bxd5 21. Bxd5 exd5 22. Rc7 R6d7 23. Rxd7 Rxd7 24. e4 d4 25. Kf1 f6 26. Ke2 Kf7 27. Kd3 Ke6 28. Rc1 g5 29. f4 gxf4 30. gxf4 Rg7 31. Rc6+ Kd7 32. Rxf6 Rg2 33. Rf7+ Ke6 34. Rxh7 Rxa2 35. Rh6+ Kf7 36. Kxd4 Kg7 37. Rc6 Rxh2 38. f5 Rb2 39. e5 Rxb3 40. Rc7+ Kf8 41. Rxa7 Rb5 42. f6 Rc5 43. e6 Rc8 44. Rb7 Kg8 45. Rxb6 Kh7 46. Ke5 Kg6 47. f7 Ra8 48. f8Q 1-0

[Event "Mittelfranken-chTB1 1617"]
[Site "Mittelfranken"]
[Date "2017.02.12"]
[Round "6.1"]
[White "Seeger, Peter"]
[Black "Grimm, Pascal"]
[Result "1-0"]
[WhiteElo "2012"]
[BlackElo "1994"]
[PlyCount "123"]
[EventDate "2016.10.23"]
[EventType "team-tourn"]
[EventRounds "9"]
[EventCountry "GER"]
[SourceTitle "EXT 2022"]
[Source "ChessBase"]
[SourceDate "2021.10.06"]
[SourceVersion "1"]
[SourceVersionDate "2021.10.06"]
[SourceQuality "1"]
[WhiteTeam "Nuernberg Noris Tarrasch III"]
[BlackTeam "Postbauer Heng"]
[WhiteTeamCountry "GER"]
[BlackTeamCountry "GER"]

1. d4 e6 2. g3 f5 3. Bg2 Nf6 4. c4 Be7 5. Nc3 0-0 6. Nh3 d6 7. Nf4 c6 8. 0-0 e5 9. dxe5 dxe5 10. Qxd8 Bxd8 11. Nd3 e4 12. Ne1 Be6 13. b3 Nbd7 14. Nc2 Bc7 15. Nd4 Rfe8 16. Rd1 g6 17. Nxe6 Rxe6 18. Ba3 Nb6 19. Rac1 Kf7 20. Rc2 Rd8 21. Rxd8 Bxd8 22. h3 Be7 23. Bxe7 Rxe7 24. Rd2 e3 25. fxe3 Rxe3 26. Rd3 Re7 27. Kf2 Nbd7 28. Rd4 Nc5 29. e3 Ne6 30. Rd1 Ng5 31. Rd4 Ne6 32. Rd1 Nc5 33. Rd4 Nh5 34. b4 Nd7 35. b5 c5 36. Rd6 Ne5 37. Bd5+ Ke8 38. b6 a6 39. Na4 Nd3+ 40. Kf3 Ne1+ 41. Ke2 Nc2 42. Re6 Nxg3+ 43. Kd2 Rxe6 44. Bxe6 Nb4 45. Nxc5 Ke7 46. Bc8 Kd6 47. Nxb7+ Kc6 48. c5 Ne4+ 49. Ke2 Nxc5 50. Nxc5 Kxc5 51. b7 Nc6 52. Bd7 Nb8 53. Be6 Kb6 54. Bg8 h6 55. Bh7 g5 56. Bxf5 Kxb7 57. Kf3 Kc7 58. Kg4 Kd6 59. Kh5 Ke5 60. Bd3 a5 61. Kxh6 Kf6 62. Bb5 1-0

[Event "Mittelfranken-chTB1 1617"]
[Site "Mittelfranken"]
[Date "2016.12.11"]
[Round "4.1"]
[White "Guthmann, Peter"]
[Black "Seeger, Peter"]
[Result "1-0"]
[WhiteElo "2236"]
[BlackElo "2012"]
[PlyCount "61"]
[EventDate "2016.10.23"]
[EventType "team-tourn"]
[EventRounds "9"]
[EventCountry "GER"]
[SourceTitle "EXT 2022"]
[Source "ChessBase"]
[SourceDate "2021.10.06"]
[SourceVersion "1"]
[SourceVersionDate "2021.10.06"]
[SourceQuality "1"]
[WhiteTeam "Gunzenhausen"]
[BlackTeam "Nuernberg Noris Tarrasch III"]
[WhiteTeamCountry "GER"]
[BlackTeamCountry "GER"]

1. Nf3 f5 2. g3 Nf6 3. Bg2 e6 4. 0-0 d5 5. d3 Be7 6. Nbd2 0-0 7. Re1 c5 8. e4 fxe4 9. dxe4 d4 10. e5 Nd5 11. Ne4 Nc6 12. c4 dxc3 13. bxc3 Rb8 14. Qc2 h6 15. a3 b5 16. c4 bxc4 17. Bb2 c3 18. Bxc3 Nxc3 19. Qxc3 Nd4 20. Nxd4 cxd4 21. Qc4 Qb6 22. Rad1 Rd8 23. Bh3 Bxa3 24. Rd3 Be7 25. Red1 Rd5 26. Rxd4 Rxe5 27. Nd6 Bxd6 28. Rxd6 Re1+ 29. Rxe1 Qxd6 30. Rxe6 Qd1+ 31. Re1+ 1-0

[Event "Mittelfranken-chTB1 1617"]
[Site "Mittelfranken"]
[Date "2016.11.13"]
[Round "2.1"]
[White "Engelmann, Wolfgang"]
[Black "Seeger, Peter"]
[Result "1/2-1/2"]
[WhiteElo "2040"]
[BlackElo "2012"]
[PlyCount "92"]
[EventDate "2016.10.23"]
[EventType "team-tourn"]
[EventRounds "9"]
[EventCountry "GER"]
[SourceTitle "EXT 2022"]
[Source "ChessBase"]
[SourceDate "2021.10.06"]
[SourceVersion "1"]
[SourceVersionDate "2021.10.06"]
[SourceQuality "1"]
[WhiteTeam "Rothenburg"]
[BlackTeam "Nuernberg Noris Tarrasch III"]
[WhiteTeamCountry "GER"]
[BlackTeamCountry "GER"]

1. d4 Nf6 2. Nf3 g6 3. g3 Bg7 4. Bg2 0-0 5. 0-0 d5 6. c4 c6 7. cxd5 cxd5 8. Nc3 Nc6 9. Ne5 Bd7 10. Nxd7 Qxd7 11. e3 Rfc8 12. Bd2 e6 13. Qe2 Ne7 14. Rfc1 Nf5 15. Qb5 Rc6 16. Bf1 Nd6 17. Qe2 Rac8 18. b3 a6 19. Na4 Nfe4 20. Rxc6 Rxc6 21. Bb4 b5 22. Nb2 Qc7 23. Qe1 e5 24. a4 exd4 25. axb5 dxe3 26. fxe3 Bxb2 27. bxc6 Bxa1 28. Qxa1 Qxc6 29. Bxd6 Qxd6 30. Qxa6 Qb4 31. Qa8+ Kg7 32. Qxd5 Nf6 33. Qc4 Qe1 34. Qe2 Qb4 35. Qd3 h5 36. Be2 Qe1+ 37. Kg2 Qb4 38. Bf3 Qa3 39. Qc3 Qa2+ 40. Kg1 Qb1+ 41. Kf2 Qf5 42. b4 Kh7 43. Kg2 Ng4 44. h3 Ne5 45. Bd5 Nd3 46. Bf3 Qb5 1/2-1/2

[Event "Mittelfranken-chTB1 1617"]
[Site "Mittelfranken"]
[Date "2016.10.23"]
[Round "1.1"]
[White "Seeger, Peter"]
[Black "Fuchs, Gerhard"]
[Result "0-1"]
[WhiteElo "2012"]
[BlackElo "2047"]
[PlyCount "78"]
[EventDate "2016.10.23"]
[EventType "team-tourn"]
[EventRounds "9"]
[EventCountry "GER"]
[SourceTitle "EXT 2022"]
[Source "ChessBase"]
[SourceDate "2021.10.06"]
[SourceVersion "1"]
[SourceVersionDate "2021.10.06"]
[SourceQuality "1"]
[WhiteTeam "Nuernberg Noris Tarrasch III"]
[BlackTeam "Nuernberg SK 1911"]
[WhiteTeamCountry "GER"]
[BlackTeamCountry "GER"]

1. d4 Nf6 2. c4 c5 3. d5 e6 4. Nc3 exd5 5. cxd5 d6 6. e4 g6 7. Bd3 Bg7 8. Nge2 0-0 9. 0-0 Na6 10. h4 Re8 11. Bg5 Qb6 12. Qd2 c4 13. Bc2 Nc5 14. Be3 Bd7 15. Rab1 Qc7 16. f3 b5 17. b4 cxb3 18. axb3 b4 19. Na4 Nxa4 20. bxa4 a5 21. Bb3 Rac8 22. Rbc1 Qb7 23. Nd4 Nh5 24. Rxc8 Rxc8 25. Rc1 Be5 26. g4 Rxc1+ 27. Qxc1 Nf4 28. Bxf4 Bxd4+ 29. Kg2 Qb6 30. Qc4 Bc5 31. Bg3 Bc8 32. Qc1 Ba6 33. f4 Be3 34. Qc6 Bd3 35. Qe8+ Kg7 36. f5 Qd4 37. Kf3 Bg1 38. g5 Qe3+ 39. Kg4 Qe2+ 0-1

[Event "Mittelfranken-chTB1 1415"]
[Site "Mittelfranken"]
[Date "2015.03.08"]
[Round "7.3"]
[White "Naegelein, Andreas"]
[Black "Seeger, Peter"]
[Result "1-0"]
[WhiteElo "1987"]
[BlackElo "2008"]
[PlyCount "107"]
[EventDate "2014.09.29"]
[EventType "team-tourn"]
[EventRounds "9"]
[EventCountry "GER"]
[SourceTitle "EXT 2020"]
[Source "ChessBase"]
[SourceDate "2019.10.17"]
[SourceVersion "1"]
[SourceVersionDate "2019.10.17"]
[SourceQuality "1"]
[WhiteTeam "Postbauer Heng"]
[BlackTeam "Nuernberg NT III"]
[WhiteTeamCountry "GER"]
[BlackTeamCountry "GER"]

1. d4 Nf6 2. Nf3 g6 3. Bg5 Bg7 4. e3 c5 5. c3 0-0 6. Nbd2 b6 7. Bd3 Ba6 8. Qe2 Bxd3 9. Qxd3 h6 10. Bxf6 Bxf6 11. Ne4 Bg7 12. dxc5 bxc5 13. Nxc5 d6 14. Nb3 Nd7 15. 0-0 a5 16. Rab1 Qc7 17. Rfc1 Rfb8 18. Nbd2 Rb7 19. b3 Rab8 20. Qc2 Rc8 21. c4 Nc5 22. Nd4 Na6 23. a3 Qc5 24. Qb2 Rcb8 25. h3 Qb6 26. Qc3 Qc5 27. Ra1 Kf8 28. Ra2 Qb6 29. Rb1 Qc7 30. Qc2 Qb6 31. Nb5 d5 32. Nc3 dxc4 33. bxc4 Qc6 34. Rxb7 Qxb7 35. Na4 Qc6 36. Nc3 Qf6 37. Nd5 Qc6 38. Nb3 e6 39. Nxa5 Qa8 40. Nb4 Nxb4 41. axb4 Rxb4 42. Qd2 Rb1+ 43. Kh2 Be5+ 44. f4 Bf6 45. c5 Be7 46. Qc3 Kg8 47. c6 Bd6 48. c7 Qc8 49. Rc2 Rb5 50. Qc6 Bxf4+ 51. exf4 Rxa5 52. Rd2 Ra6 53. Rd8+ Kh7 54. Qe8 1-0

[Event "Mittelfranken-chTB1 1415"]
[Site "Mittelfranken"]
[Date "2014.12.14"]
[Round "4.3"]
[White "Dereser, Marc"]
[Black "Seeger, Peter"]
[Result "0-1"]
[WhiteElo "1722"]
[BlackElo "2008"]
[PlyCount "80"]
[EventDate "2014.09.29"]
[EventType "team-tourn"]
[EventRounds "9"]
[EventCountry "GER"]
[SourceTitle "EXT 2020"]
[Source "ChessBase"]
[SourceDate "2019.10.17"]
[SourceVersion "1"]
[SourceVersionDate "2019.10.17"]
[SourceQuality "1"]
[WhiteTeam "Nuernberg SK 1911 II"]
[BlackTeam "Nuernberg NT III"]
[WhiteTeamCountry "GER"]
[BlackTeamCountry "GER"]

1. d4 Nf6 2. Nf3 e6 3. c4 b6 4. Nc3 Bb7 5. e3 g6 6. Bd3 Bg7 7. e4 d6 8. Bg5 Nbd7 9. 0-0 h6 10. Bh4 g5 11. Bg3 Nh5 12. Bc2 a6 13. Qd3 Qe7 14. b4 Nxg3 15. fxg3 0-0-0 16. Ba4 Rhf8 17. Rac1 Kb8 18. Rb1 f5 19. Bc2 Qf6 20. a4 g4 21. e5 dxe5 22. Nd2 e4 23. Ncxe4 Qxd4+ 24. Qxd4 Bxd4+ 25. Nf2 Bc3 26. Nb3 Ne5 27. c5 Bxb4 28. cxb6 cxb6 29. Nc1 Bc5 30. Rd1 Rxd1+ 31. Bxd1 Be4 32. Rb3 Rd8 33. Be2 Bc2 34. Rc3 Bxa4 35. Kf1 Bd4 36. Ra3 b5 37. Ncd3 Nc4 38. Ra2 Kb7 39. Nf4 Bb3 40. Nxe6 Ne3+ 0-1

[Event "Mittelfranken-chTB1 1415"]
[Site "Mittelfranken"]
[Date "2014.09.28"]
[Round "1.3"]
[White "Seeger, Peter"]
[Black "Petzold, Vinzenz"]
[Result "1/2-1/2"]
[WhiteElo "2008"]
[BlackElo "1997"]
[PlyCount "50"]
[EventDate "2014.09.29"]
[EventType "team-tourn"]
[EventRounds "9"]
[EventCountry "GER"]
[SourceTitle "EXT 2020"]
[Source "ChessBase"]
[SourceDate "2019.10.17"]
[SourceVersion "1"]
[SourceVersionDate "2019.10.17"]
[SourceQuality "1"]
[WhiteTeam "Nuernberg NT III"]
[BlackTeam "Nuernberg Zabo"]
[WhiteTeamCountry "GER"]
[BlackTeamCountry "GER"]

1. d4 Nf6 2. c4 g6 3. g3 c6 4. Bg2 d5 5. b3 dxc4 6. bxc4 e5 7. Nf3 exd4 8. Qxd4 Qxd4 9. Nxd4 Bg7 10. Nc3 Ng4 11. e3 Ne5 12. 0-0 Nxc4 13. Rb1 0-0 14. Ne4 Nd7 15. Nb3 Nde5 16. Nbd2 Rd8 17. Nxc4 Nxc4 18. Nc5 b6 19. Bxc6 Bh3 20. Bxa8 Bxf1 21. Kxf1 Rxa8 22. Ne4 Rd8 23. Ke2 Rd5 24. Nd2 Nxd2 25. Bxd2 b5 1/2-1/2

[Event "Mittelfranken-chTB1 1314"]
[Site "Mittelfranken"]
[Date "2014.03.09"]
[Round "7.3"]
[White "Brenner, Christian"]
[Black "Seeger, Peter"]
[Result "1-0"]
[WhiteElo "1884"]
[BlackElo "2008"]
[PlyCount "69"]
[EventDate "2013.10.20"]
[EventType "team-tourn"]
[EventRounds "9"]
[EventCountry "GER"]
[SourceTitle "EXT 2020"]
[Source "ChessBase"]
[SourceDate "2019.10.17"]
[SourceVersion "1"]
[SourceVersionDate "2019.10.17"]
[SourceQuality "1"]
[WhiteTeam "Nuernberg Zabo"]
[BlackTeam "Nuernberg NT III"]
[WhiteTeamCountry "GER"]
[BlackTeamCountry "GER"]

1. e4 c5 2. Nf3 d6 3. d4 cxd4 4. Nxd4 Nf6 5. Nc3 a6 6. Bg5 Nbd7 7. Bc4 Qa5 8. Qd2 e6 9. 0-0-0 Be7 10. f4 h6 11. Bxf6 Nxf6 12. g4 b5 13. Nc6 Qb6 14. Nxe7 Kxe7 15. e5 bxc4 16. exf6+ gxf6 17. Rhe1 Bb7 18. g5 hxg5 19. fxg5 f5 20. Qf4 Rac8 21. Qxf5 Rxh2 22. Qf6+ Ke8 23. Rf1 Rc7 24. Rde1 Bg2 25. Rg1 Rb7 26. Na4 Qc6 27. g6 Be4 28. gxf7+ Kd7 29. Qd8+ Kxd8 30. f8Q+ Qe8 31. Qxe8+ Kxe8 32. Rxe4 Rb4 33. Nc3 d5 34. Nxd5 Rb7 35. Rxe6+ 1-0

[Event "Mittelfranken-chTB1 1314"]
[Site "Mittelfranken"]
[Date "2014.01.12"]
[Round "4.1"]
[White "Seeger, Peter"]
[Black "Scheremet, Michael"]
[Result "1/2-1/2"]
[WhiteElo "2008"]
[BlackElo "2175"]
[PlyCount "46"]
[EventDate "2013.10.20"]
[EventType "team-tourn"]
[EventRounds "9"]
[EventCountry "GER"]
[SourceTitle "EXT 2020"]
[Source "ChessBase"]
[SourceDate "2019.10.17"]
[SourceVersion "1"]
[SourceVersionDate "2019.10.17"]
[SourceQuality "1"]
[WhiteTeam "Nuernberg NT III"]
[BlackTeam "Postbauer Heng"]
[WhiteTeamCountry "GER"]
[BlackTeamCountry "GER"]

1. d4 Nf6 2. c4 c5 3. d5 e6 4. Nc3 exd5 5. cxd5 d6 6. Nf3 g6 7. g3 Bg7 8. Bg2 0-0 9. 0-0 Re8 10. Nd2 Na6 11. Nc4 Bf5 12. f3 Nc7 13. a4 b6 14. e4 Bc8 15. Qb3 Ba6 16. Nb5 Bxb5 17. axb5 Qd7 18. Na3 a6 19. bxa6 Rxa6 20. Bd2 b5 21. Rfb1 Rea8 22. Qd1 Qe8 23. Bf1 Ra4 1/2-1/2

[Event "Mittelfranken-chTB1 1314"]
[Site "Mittelfranken"]
[Date "2013.12.01"]
[Round "3.3"]
[White "Bachstein, Dustin"]
[Black "Seeger, Peter"]
[Result "0-1"]
[WhiteElo "2068"]
[BlackElo "2008"]
[PlyCount "118"]
[EventDate "2013.10.20"]
[EventType "team-tourn"]
[EventRounds "9"]
[EventCountry "GER"]
[SourceTitle "EXT 2020"]
[Source "ChessBase"]
[SourceDate "2019.10.17"]
[SourceVersion "1"]
[SourceVersionDate "2019.10.17"]
[SourceQuality "1"]
[WhiteTeam "Erlangen SC II"]
[BlackTeam "Nuernberg NT III"]
[WhiteTeamCountry "GER"]
[BlackTeamCountry "GER"]

1. d4 Nf6 2. c4 g6 3. Nf3 Bg7 4. g3 d5 5. Bg2 0-0 6. cxd5 Nxd5 7. 0-0 Nc6 8. Nc3 Re8 9. Nxd5 Qxd5 10. Ne5 Qb5 11. Nxc6 bxc6 12. Qc2 Bb7 13. e3 Rab8 14. Bd2 c5 15. a4 Qb6 16. dxc5 Qxb2 17. Qxb2 Bxb2 18. Rad1 Bxg2 19. Kxg2 Ba3 20. Ba5 Bxc5 21. Bxc7 Rb2 22. Be5 Ra2 23. Ra1 Rxa1 24. Rxa1 f6 25. Bc3 Rc8 26. Bd2 Rb8 27. Rc1 Bd6 28. Rc2 Kf7 29. Kf3 Rb3 30. a5 Ke6 31. Ke2 Kd7 32. Kd1 Rb1+ 33. Ke2 Rb3 34. Kd1 Bb4 35. Bxb4 Rxb4 36. Rd2+ Kc7 37. Rc2+ Kb7 38. Rc5 Rb2 39. Ke1 a6 40. Rd5 Kc6 41. Rd8 Ra2 42. Rh8 h5 43. Rh6 Rxa5 44. Rxg6 Rd5 45. Rg7 Kd6 46. Rg8 a5 47. Ra8 Kc6 48. Ra6+ Kb5 49. Ra7 a4 50. Rxe7 a3 51. Ke2 Kb4 52. Rb7+ Rb5 53. Ra7 Ra5 54. Rb7+ Ka4 55. Rb1 a2 56. Ra1 Kb3 57. f4 Kb2 58. Rxa2+ Rxa2 59. Kf3 Kc3 0-1

[Event "Mittelfranken-chTB1 1314"]
[Site "Mittelfranken"]
[Date "2013.11.17"]
[Round "2.3"]
[White "Seeger, Peter"]
[Black "Braun, Michael1111"]
[Result "0-1"]
[WhiteElo "2008"]
[BlackElo "2048"]
[PlyCount "62"]
[EventDate "2013.10.20"]
[EventType "team-tourn"]
[EventRounds "9"]
[EventCountry "GER"]
[SourceTitle "EXT 2020"]
[Source "ChessBase"]
[SourceDate "2019.10.17"]
[SourceVersion "1"]
[SourceVersionDate "2019.10.17"]
[SourceQuality "1"]
[WhiteTeam "Nuernberg NT III"]
[BlackTeam "Buechenbach/Roth"]
[WhiteTeamCountry "GER"]
[BlackTeamCountry "GER"]

1. d4 Nf6 2. c4 e6 3. Nf3 d5 4. g3 Bb4+ 5. Bd2 Be7 6. Bg2 c6 7. Qc2 b6 8. 0-0 Ba6 9. b3 Nbd7 10. Rd1 Rc8 11. Nc3 dxc4 12. e4 b5 13. bxc4 bxc4 14. Bf4 Nb6 15. a4 0-0 16. Ne5 Bb4 17. a5 Nbd7 18. Na2 Bxa5 19. Nb4 Bb5 20. Nbxc6 Rxc6 21. Nxc6 Bxc6 22. d5 exd5 23. exd5 Bb5 24. Bf1 Bb6 25. Bxc4 Qc8 26. Bd3 Qxc2 27. Bxc2 Ng4 28. Rd2 Ndf6 29. h3 Nxf2 30. Rxf2 Re8 31. Bd1 Ne4 0-1

[Event "Mittelfranken-chTB1 1314"]
[Site "Mittelfranken"]
[Date "2013.10.20"]
[Round "1.3"]
[White "Seeger, Peter"]
[Black "Cipra, Lothar"]
[Result "1-0"]
[WhiteElo "2008"]
[BlackElo "1923"]
[PlyCount "101"]
[EventDate "2013.10.20"]
[EventType "team-tourn"]
[EventRounds "9"]
[EventCountry "GER"]
[SourceTitle "EXT 2020"]
[Source "ChessBase"]
[SourceDate "2019.10.17"]
[SourceVersion "1"]
[SourceVersionDate "2019.10.17"]
[SourceQuality "1"]
[WhiteTeam "Nuernberg NT III"]
[BlackTeam "Schwanstetten"]
[WhiteTeamCountry "GER"]
[BlackTeamCountry "GER"]

1. d4 Nf6 2. c4 e6 3. g3 d5 4. Nf3 Be7 5. Bg2 0-0 6. 0-0 b6 7. cxd5 exd5 8. Nc3 Bb7 9. Bf4 a6 10. Rc1 Nbd7 11. Nh4 Re8 12. Nf5 Bf8 13. Ne3 c6 14. Nf5 Nb8 15. Bg5 Bc8 16. Ne3 Be7 17. Re1 Ng4 18. Bxe7 Rxe7 19. Nexd5 cxd5 20. Nxd5 Bb7 21. Nxe7+ Qxe7 22. e4 h5 23. h3 Nh6 24. d5 Qe5 25. Qd2 Nd7 26. f4 Qb8 27. e5 Nf5 28. Kh2 a5 29. Qc2 g6 30. e6 fxe6 31. Rxe6 Nf8 32. Re5 Qd6 33. Qc7 Rb8 34. Rxf5 Qxc7 35. Rxf8+ Rxf8 36. Rxc7 Rf7 37. Rxf7 Kxf7 38. Kg1 Ke7 39. Kf2 Bc8 40. Ke3 Bf5 41. Kd4 Kd6 42. Be4 Bxh3 43. Bxg6 Bg4 44. f5 Bf3 45. f6 Bg4 46. f7 Ke7 47. Ke5 h4 48. gxh4 b5 49. h5 b4 50. h6 b3 51. d6+ 1-0

[Event "Mittelfranken-chTB1 1213"]
[Site "Germany"]
[Date "2013.03.10"]
[Round "8.3"]
[White "Erlbeck, Peter"]
[Black "Seeger, Peter"]
[Result "1-0"]
[WhiteElo "2043"]
[BlackElo "2018"]
[PlyCount "43"]
[EventDate "2012.10.07"]
[EventType "team-tourn"]
[EventRounds "9"]
[EventCountry "GER"]
[SourceTitle "EXT 2019"]
[Source "ChessBase"]
[SourceDate "2018.10.10"]
[SourceVersion "1"]
[SourceVersionDate "2018.10.10"]
[SourceQuality "1"]
[WhiteTeam "Nuernberg Sued SW II"]
[BlackTeam "Nuernberg NT III"]
[WhiteTeamCountry "GER"]
[BlackTeamCountry "GER"]

1. e4 c5 2. Nc3 d6 3. f4 Nc6 4. Nf3 g6 5. Bc4 Bg7 6. 0-0 Nf6 7. d3 0-0 8. Qe1 Nd4 9. Nxd4 cxd4 10. Ne2 d5 11. exd5 Nxd5 12. Ng3 Nb6 13. Bb3 Bd7 14. f5 Bc6 15. fxg6 hxg6 16. Ne4 Nd5 17. Qh4 f6 18. Bh6 Qe8 19. Rf3 g5 20. Nxg5 fxg5 21. Qxg5 Rf7 22. Raf1 1-0

[Event "Mittelfranken-chTB1 1213"]
[Site "Germany"]
[Date "2012.12.02"]
[Round "4.3"]
[White "Sippl, Martin"]
[Black "Seeger, Peter"]
[Result "1/2-1/2"]
[WhiteElo "1989"]
[BlackElo "2018"]
[PlyCount "28"]
[EventDate "2012.10.07"]
[EventType "team-tourn"]
[EventRounds "9"]
[EventCountry "GER"]
[SourceTitle "EXT 2019"]
[Source "ChessBase"]
[SourceDate "2018.10.10"]
[SourceVersion "1"]
[SourceVersionDate "2018.10.10"]
[SourceQuality "1"]
[WhiteTeam "Postbauer Heng"]
[BlackTeam "Nuernberg NT III"]
[WhiteTeamCountry "GER"]
[BlackTeamCountry "GER"]

1. e4 c5 2. Nf3 d6 3. c3 Nf6 4. Be2 e6 5. 0-0 Nc6 6. d3 d5 7. e5 Nd7 8. Bf4 a6 9. Re1 Be7 10. Bf1 g5 11. Bg3 h5 12. h3 Nf8 13. Na3 Ng6 14. Nc2 Bd7 1/2-1/2